000 00674cam a2200217 4500
001 ABS61813
008 000000n1999 000 0 eng u
035 _a(Sirsi) u103643
100 _aGoodwyn, E.
245 _aYour right to claim holiday pay
260 _c1999
490 _aConstruction News
_v(6646) 16 December 1999, 20-21(2)
520 _aBriefing paper on the Working Time Regulations and the entitlement to paid holidays. Assesses the impact on both workers and employers. Examples.
590 _aABS
650 _aWORKING TIME REGULATIONS
650 _aPAID HOLIDAY
650 _aWORKERS RIGHTS
650 _aEMPLOYERS
690 _aLAW
942 _n0
999 _c62236
_d62236